-ine Definitions Quiz Stats

 Plays Quiz Updated Aug 6, 2018

Support Sporcle.
Go Orange.
Score 0/16 Timer 03:00
5 Plays Today
% Correct
Limousine
95%
Wine
94.6%
Figurine
93.6%
Divine
93%
Genuine
92.8%
Mine
92%
Confine
91.9%
Decline
91.8%
% Correct
Refine
91.7%
Morphine
87.6%
Asinine
87.3%
Flatline
87.2%
Novocaine
86%
Pristine
85.5%
Clandestine
85.2%
Sanguine
79.8%

From the Vault

2000s Song Title Beginnings

by ghcgh

Music 5m
These musicians kicked off the new millennium with a bang.
Remove Ads.
Support Sporcle.
Get the best of Sporcle when you Go Orange. This ad-free experience offers more features, more stats, and more fun while also helping to support Sporcle. Thank you for becoming a member.

Show Comments

Extras

Top Quizzes Today


Score Distribution

Your Account Isn't Verified!

In order to create a playlist on Sporcle, you need to verify the email address you used during registration. Go to your Sporcle Settings to finish the process.

Report this User

Report this user for behavior that violates our Community Guidelines.

Details: